AIRDOが就航する空港 - Statistics

General Stats
  • This quiz has been taken 118 times
  • The average score is 10 of 11
Answer Stats
Answer % Correct
新千歳
100%
東京
99%
函館
96%
旭川
93%
福岡
93%
釧路
91%
仙台
91%
中部
90%
女満別
89%
帯広
86%
神戸
84%
No matching quizzes found
Score Distribution
Percent of People with Each Score
Percentile by Number Answered
Your Score History
You have not taken this quiz